[Event "Nationale I"]
[Site "Loures Barousse"]
[Date "2011.12.10"]
[Round "4.6"]
[White "Picard, Clement"]
[Black "Hutin, Christophe"]
[Result "1-0"]
[WhiteElo "2189"]
[BlackElo "2127"]
[PlyCount "47"]
[EventDate "2011.12.11"]
[EventType "match"]
[EventCountry "FRA"]
[SourceDate "2011.11.20"]
[WhiteTeam "Migné Auxences"]
[BlackTeam "Loures barousses"]

1. e4 d5 2. exd5 Nf6 3. Nf3 Nxd5 4. d4 g6 5. Bc4 Bg7 6. O-O O-O 7. Re1 Nc6 8.
c3 Bf5 9. Nbd2 a5 10. a4 Nb6 11. Bb3 Qd6 12. Ne4 Bxe4 13. Rxe4 Rad8 14. Bf4 Qd7
15. Qd2 Nd5 16. Bh6 Nf6 17. Rh4 e6 18. Bxg7 Kxg7 19. Qh6+ Kg8 20. Ng5 Rfe8 21.
Nxh7 Nxh7 22. Qxh7+ Kf8 23. Qh6+ Ke7 24. Qg5+ 1-0

[Event "Nationale I"]
[Site "Loures Barousse"]
[Date "2011.12.10"]
[Round "4.7"]
[White "Bricard, Herve"]
[Black "Boulan, Laura"]
[Result "1-0"]
[WhiteElo "2043"]
[BlackElo "2007"]
[PlyCount "77"]
[EventDate "2011.12.11"]
[EventType "match"]
[EventCountry "FRA"]
[SourceDate "2011.11.20"]
[WhiteTeam "Loures barousses"]
[BlackTeam "Migné Auxences"]

1. e4 d6 2. Nc3 e5 3. Bc4 Nf6 4. d3 Be7 5. f4 Nbd7 6. Nf3 c6 7. O-O O-O 8. a4
a5 9. f5 Nc5 10. Kh1 b6 11. Bg5 Bb7 12. Ba2 Qc7 13. Qe2 Rad8 14. Rg1 Ng4 15. h3
Bxg5 16. Nxg5 Nf6 17. g4 d5 18. Rg3 Rd7 19. Rag1 dxe4 20. dxe4 h6 21. Nf3 Rfd8
22. g5 Nh5 23. gxh6 Nxg3+ 24. Rxg3 Qd6 25. Rg6 Qe7 26. Rxg7+ Kh8 27. Ng5 Qf6
28. Qg4 Nxa4 29. Rh7+ Kg8 30. Rg7+ Kh8 31. Nxa4 Rd1+ 32. Kg2 R8d2+ 33. Kf3 Ba6
34. Nc3 Rf1+ 35. Ke3 Rd7 36. Qh4 Qd6 37. Rh7+ Kg8 38. Bxf7+ Rxf7 39. Rh8+ 1-0

[Event "Nationale I"]
[Site "Loures Barousse"]
[Date "2011.12.10"]
[Round "4.8"]
[White "Le Bail, Clara"]
[Black "Pokee, Anne Josephe"]
[Result "1-0"]
[WhiteElo "2051"]
[BlackElo "1955"]
[PlyCount "133"]
[EventDate "2011.12.11"]
[EventType "match"]
[EventCountry "FRA"]
[SourceDate "2011.11.20"]
[WhiteTeam "Migné Auxences"]
[BlackTeam "Migné Auxences"]

1. e4 d5 2. exd5 Nf6 3. Be2 c6 4. dxc6 Nxc6 5. Nf3 Bf5 6. d4 Qc7 7. c4 Rd8 8.
Be3 Ng4 9. Qa4 Bd7 10. Qb3 e5 11. d5 Na5 12. Qc3 Nxe3 13. fxe3 b5 14. Qxe5+
Qxe5 15. Nxe5 bxc4 16. Nc3 Bc5 17. Nxc4 Nxc4 18. Bxc4 Bxe3 19. Ke2 Bb6 20. Kf3
O-O 21. Rhe1 h5 22. h3 Rfe8 23. Re2 g5 24. g4 Rxe2 25. Bxe2 Re8 26. Rc1 Bd4 27.
Rc2 hxg4+ 28. hxg4 f5 29. gxf5 Bxf5 30. Rd2 Re3+ 31. Kg2 Bh3+ 32. Kh1 Bxc3 33.
bxc3 Rxc3 34. d6 Rc1+ 35. Kh2 Bd7 36. Bh5 Bc6 37. Bd1 Kf7 38. d7 Bxd7 39. Rxd7+
Ke6 40. Rd3 Ke5 41. Kg3 Ke4 42. Rd7 a5 43. Bf3+ Ke3 44. Rd5 a4 45. Ra5 Rc4 46.
Bd1 Rc1 47. Bxa4 Rg1+ 48. Kh2 Ra1 49. Bd7 Rd1 50. Be6 Rd6 51. Bb3 Kf4 52. Rd5
Rh6+ 53. Kg2 Rc6 54. Rd3 g4 55. Rd4+ Kg5 56. Bd1 Rc1 57. Rxg4+ Kf5 58. Rd4 Ke5
59. Rd2 Rc7 60. Kf2 Rf7+ 61. Ke3 Rh7 62. a4 Rh4 63. a5 Rh6 64. Bf3 Ra6 65. Ra2
Kd6 66. Bb7 Ra7 67. a6 1-0

[Event "Nationale I"]
[Site "Loures Barousse"]
[Date "2011.12.11"]
[Round "5.1"]
[White "Bedouin, Xavier"]
[Black "Marciniak, Alexandre"]
[Result "0-1"]
[WhiteElo "2404"]
[BlackElo "2209"]
[PlyCount "62"]
[EventDate "2011.12.11"]
[EventType "match"]
[EventCountry "FRA"]
[SourceDate "2011.11.20"]
[WhiteTeam "Migné Auxences"]
[BlackTeam "Agen"]

1. e4 e6 2. d4 d5 3. e5 c5 4. c3 Nc6 5. Nf3 Nh6 6. Bxh6 gxh6 7. Be2 Bg7 8. O-O
f6 9. exf6 Qxf6 10. dxc5 Qe7 11. Nd4 O-O 12. Nb3 Ne5 13. Qc1 Ng6 14. g3 e5 15.
Qe3 Bh3 16. Re1 Qf6 17. f3 Nh4 18. Qf2 Nxf3+ 19. Qxf3 Qxf3 20. Bxf3 Rxf3 21.
N1d2 Rf7 22. c4 dxc4 23. Na5 e4 24. Nxe4 Bd4+ 25. Kh1 Bg4 26. Nd2 c3 27. Re4
cxd2 28. Rxg4+ Bg7 29. Kg2 Re8 30. Rf4 Rxf4 31. gxf4 Re1 0-1

[Event "Nationale I"]
[Site "Loures Barousse"]
[Date "2011.12.11"]
[Round "5.2"]
[White "Fantinel, Thibault"]
[Black "Velikov, Petar"]
[Result "1/2-1/2"]
[WhiteElo "2300"]
[BlackElo "2417"]
[PlyCount "40"]
[EventDate "2011.12.11"]
[EventType "match"]
[EventCountry "FRA"]
[SourceDate "2011.11.20"]
[WhiteTeam "Agen"]
[BlackTeam "Migné Auxences"]

1. c4 c5 2. g3 g6 3. Bg2 Bg7 4. e3 Nc6 5. Ne2 d6 6. Nbc3 Nh6 7. a3 O-O 8. O-O
Rb8 9. Rb1 a5 10. b3 Bf5 11. d3 Qd7 12. e4 Bh3 13. Bxh6 Bxh6 14. d4 Bxg2 15.
Kxg2 cxd4 16. Nxd4 Nxd4 17. Qxd4 Bg7 18. Qe3 Bxc3 19. Qxc3 a4 20. b4 Qc6 $11
1/2-1/2

[Event "Nationale I"]
[Site "Loures Barousse"]
[Date "2011.12.11"]
[Round "5.3"]
[White "Inkiov, Ventzislav"]
[Black "Marciniak, Gerard"]
[Result "1-0"]
[WhiteElo "2456"]
[BlackElo "2153"]
[PlyCount "33"]
[EventDate "2011.12.11"]
[EventType "match"]
[EventCountry "FRA"]
[SourceDate "2011.11.20"]
[WhiteTeam "Migné Auxences"]
[BlackTeam "Agen"]

1. d4 Nf6 2. c4 e6 3. Nf3 Bb4+ 4. Nc3 O-O 5. e3 d5 6. Bd3 c5 7. O-O cxd4 8.
exd4 dxc4 9. Bxc4 b6 10. a3 Bxc3 11. bxc3 Qc7 12. Qe2 Bb7 13. Ne5 Nc6 14. Bd3
Rad8 15. f4 Nxe5 16. fxe5 Qxc3 17. Bb2 1-0

[Event "Nationale I"]
[Site "Loures Barousse"]
[Date "2011.12.11"]
[Round "5.4"]
[White "Le Hetet, Nicolas"]
[Black "Saada, Julien"]
[Result "1/2-1/2"]
[WhiteElo "2143"]
[BlackElo "2341"]
[PlyCount "84"]
[EventDate "2011.12.11"]
[EventType "match"]
[EventCountry "FRA"]
[SourceDate "2011.11.20"]
[WhiteTeam "Agen"]
[BlackTeam "Migné Auxences"]

1. e4 c6 2. d4 d5 3. e5 Bf5 4. Nf3 e6 5. Be2 Nd7 6. O-O Bg6 7. Nbd2 Nh6 8. c4
Be7 9. cxd5 cxd5 10. Nb3 O-O 11. Bxh6 gxh6 12. Rc1 Qb6 13. Qd2 h5 14. Qa5 Rac8
15. Qb5 Qxb5 16. Bxb5 Nb8 17. Nc5 a6 18. Be2 Rc7 19. a3 Rfc8 20. b4 a5 21. Ra1
b6 22. Na4 Rb7 23. Rfc1 Rc2 24. Bb5 axb4 25. axb4 Bxb4 26. Rxc2 Bxc2 27. Ra2
Bxa4 28. Rxa4 Ba5 29. Ra2 Rc7 30. g3 Rc3 31. Kg2 Nc6 32. Ng5 h6 33. Bxc6 hxg5
34. Bb5 Rb3 35. Be2 h4 36. Bh5 hxg3 37. fxg3 Rc3 38. Rf2 Rc7 39. Kf3 Be1 40.
Rf1 Bc3 41. Ke3 b5 42. Kd3 b4 $11 1/2-1/2

[Event "Nationale I"]
[Site "Loures Barousse"]
[Date "2011.12.11"]
[Round "5.5"]
[White "Picard, Romain"]
[Black "Favarel, Julien"]
[Result "1-0"]
[WhiteElo "2353"]
[BlackElo "2240"]
[PlyCount "55"]
[EventDate "2011.12.11"]
[EventType "match"]
[EventCountry "FRA"]
[SourceDate "2011.11.20"]
[WhiteTeam "Migné Auxences"]
[BlackTeam "Agen"]

1. e4 c5 2. Nf3 Nc6 3. c3 Nf6 4. e5 Nd5 5. Bc4 Nb6 6. Bb3 d5 7. exd6 Qxd6 8.
Na3 Be6 9. d4 cxd4 10. Nb5 Qd7 11. Nbxd4 Bxb3 12. Qxb3 Nxd4 13. Nxd4 e5 14. Nf3
Bd6 15. Be3 Qc6 16. Bxb6 axb6 17. O-O O-O 18. Rfe1 Rae8 19. Rad1 e4 20. Nd4 Qc7
21. h3 Bc5 22. Re3 Re5 23. Qc4 Qe7 24. Rde1 Re8 25. b4 Bxd4 26. cxd4 Re6 27. d5
Re5 28. f4 1-0

[Event "Nationale I"]
[Site "Loures Barousse"]
[Date "2011.12.11"]
[Round "5.6"]
[White "Grizou, Regis"]
[Black "Picard, Clement"]
[Result "1/2-1/2"]
[WhiteElo "2186"]
[BlackElo "2189"]
[PlyCount "42"]
[EventDate "2011.12.11"]
[EventType "match"]
[EventCountry "FRA"]
[SourceDate "2011.11.20"]
[WhiteTeam "Agen"]
[BlackTeam "Migné Auxences"]

1. d4 e6 2. Nf3 Nf6 3. c4 Bb4+ 4. Bd2 Bxd2+ 5. Nbxd2 d5 6. e3 O-O 7. Be2 Nbd7
8. Qc2 c6 9. O-O Qe7 10. e4 dxe4 11. Nxe4 e5 12. Nxf6+ Qxf6 13. dxe5 Nxe5 14.
Nxe5 Qxe5 15. Bf3 h6 16. Rfe1 Qf6 17. Re3 Bd7 18. Rae1 Rae8 19. h3 Rxe3 20.
Rxe3 Re8 21. Rxe8+ Bxe8 1/2-1/2

[Event "Nationale I"]
[Site "Loures Barousse"]
[Date "2011.12.11"]
[Round "5.7"]
[White "Boulan, Laura"]
[Black "Zaninetti, Laurent"]
[Result "1/2-1/2"]
[WhiteElo "2007"]
[BlackElo "1990"]
[PlyCount "65"]
[EventDate "2011.12.11"]
[EventType "match"]
[EventCountry "FRA"]
[SourceDate "2011.11.20"]
[WhiteTeam "Migné Auxences"]
[BlackTeam "Agen"]

1. Nf3 e6 2. c4 Nf6 3. g3 b6 4. Bg2 Bb7 5. O-O c5 6. b3 Be7 7. Bb2 O-O 8. Nc3
d6 9. e3 Nbd7 10. Rc1 a6 11. d3 Qc7 12. Qc2 Rac8 13. Rfd1 Qb8 14. Qe2 Qa8 $11
15. Ne1 Rfd8 16. Bxb7 Qxb7 17. Qf3 Rc7 18. Ne2 Ne8 19. Qxb7 Rxb7 20. f4 Bf6 21.
d4 Rbb8 22. Nf3 b5 23. Rd2 bxc4 24. Rxc4 cxd4 25. exd4 d5 26. Rc6 Nb6 27. Rdc2
Rbc8 28. Ba3 Rxc6 29. Rxc6 Rb8 30. Nc3 a5 31. Bc5 Nd7 $11 32. Ra6 Bd8 33. Kg2
$11 1/2-1/2

[Event "Nationale I"]
[Site "Loures Barousse"]
[Date "2011.12.11"]
[Round "5.8"]
[White "Mamah, Isabelle"]
[Black "Le Bail"]
[Result "1/2-1/2"]
[WhiteElo "1849"]
[BlackElo "2051"]
[PlyCount "53"]
[EventDate "2011.12.11"]
[EventType "match"]
[EventCountry "FRA"]
[SourceDate "2011.11.20"]
[WhiteTeam "Agen"]
[BlackTeam "Migné Auxences"]

1. e4 e6 2. d4 d5 3. e5 c5 4. c3 Nc6 5. Nf3 Bd7 6. Bd3 Rc8 7. O-O cxd4 8. cxd4
Nb4 9. Nc3 Nxd3 10. Qxd3 Ne7 11. Re1 Nf5 12. a3 Be7 13. g4 Nh4 14. Nxh4 Bxh4
15. Re3 Bg5 16. Rh3 Bxc1 17. Rxc1 Qg5 18. Re1 Ke7 19. Rg3 a6 20. Rf1 Qf4 21.
Qe3 Qxe3 22. fxe3 f6 23. Rgf3 Rhf8 24. Kg2 fxe5 25. Rxf8 Rxf8 26. Rxf8 $11 Kxf8
27. dxe5 1/2-1/2

[Event "Nationale I"]
[Site "Loures Barousse"]
[Date "2011.12.11"]
[Round "5.2"]
[White "Bokros, Albert"]
[Black "Boudre, Jean Pierre"]
[Result "1-0"]
[WhiteElo "2466"]
[BlackElo "2294"]
[PlyCount "63"]
[EventDate "2011.12.11"]
[EventType "match"]
[EventCountry "FRA"]
[SourceDate "2011.11.20"]
[WhiteTeam "Loures barousses"]
[BlackTeam "Echiquier Bordelais"]

1. e4 e5 2. Nf3 Nc6 3. Bb5 a6 4. Ba4 Nf6 5. O-O b5 6. Bb3 Bb7 7. d3 Be7 8. a4
d6 9. Nc3 b4 10. Nd5 Na5 11. Nxb4 Nxb3 12. cxb3 d5 13. Nxd5 Nxd5 14. exd5 Qxd5
15. Re1 f6 16. Be3 O-O-O 17. d4 Bb4 18. Rf1 Rhe8 19. dxe5 Qe4 20. Qe2 Rxe5 21.
Rac1 Bd6 22. Rc4 Qg6 23. h3 h5 24. Rfc1 Rd5 25. b4 Rd7 26. Nh4 Qe8 27. Qc2 Qe5
28. Nf3 Qe8 29. Bc5 Bxc5 30. bxc5 Bc6 31. Re1 Qf7 32. Rce4 1-0

[Event "Nationale I"]
[Site "Loures Barousse"]
[Date "2011.12.11"]
[Round "5.3"]
[White "Guidez, Yann Michael"]
[Black "Letreguilly, Olivier"]
[Result "1/2-1/2"]
[WhiteElo "2263"]
[BlackElo "2340"]
[PlyCount "115"]
[EventDate "2011.12.11"]
[EventType "match"]
[EventCountry "FRA"]
[SourceDate "2011.11.20"]
[WhiteTeam "Echiquier Bordelais"]
[BlackTeam "Loures barousses"]

1. d4 Nf6 2. c4 c5 3. d5 b5 4. cxb5 a6 5. b6 d6 6. Nc3 Nbd7 7. e4 g6 8. Nf3 Bg7
9. Be2 O-O 10. O-O Nxb6 11. Nd2 Ne8 12. a4 a5 13. Ra3 Nc7 14. Nc4 Na6 15. Nxa5
Bd7 16. Nc6 Bxc6 17. dxc6 Nb4 18. Bb5 Rc8 19. Nd5 Nxc6 20. Nxb6 Qxb6 21. Rh3
Nd4 22. Bc4 e6 23. Qg4 Qb7 24. Bh6 Bxh6 25. Rxh6 d5 26. exd5 exd5 27. Ba2 Ra8
28. b3 Rfc8 29. Rh3 Qa6 30. Qd1 $11 Ne2+ 31. Kh1 d4 32. Bb1 Nc3 33. Qe1 Nxb1
34. Qxb1 Re8 35. Qd3 Qxd3 36. Rxd3 Re2 37. g3 Rae8 38. Kg2 Rc2 39. Rfd1 Ree2
40. Rf3 Rb2 41. Rc1 Rec2 42. Rxc2 Rxc2 43. Kf1 Kf8 44. Ke1 Ke7 45. Kd1 Rb2 46.
Kc1 Ra2 47. Kb1 Re2 48. g4 h6 49. h3 Ke6 50. a5 Ke7 51. Rf4 Re6 52. b4 g5 53.
Rf5 cxb4 54. Kc2 Rc6+ 55. Kd3 b3 56. Kxd4 b2 57. Rb5 Ra6 58. Rxb2 1/2-1/2

[Event "Nationale I"]
[Site "Loures Barousse"]
[Date "2011.12.11"]
[Round "5.4"]
[White "Szitas, Gabor"]
[Black "Passager, Jean Pierre"]
[Result "0-1"]
[WhiteElo "2200"]
[BlackElo "2204"]
[PlyCount "58"]
[EventDate "2011.12.11"]
[EventType "match"]
[EventCountry "FRA"]
[SourceDate "2011.11.20"]
[WhiteTeam "Loures barousses"]
[BlackTeam "Echiquier Bordelais"]

1. e4 e6 2. d4 d5 3. e5 c5 4. c3 Nc6 5. Nf3 Qb6 6. a3 Bd7 7. b4 cxd4 8. cxd4
Rc8 9. Bb2 Nge7 10. Be2 Nf5 11. O-O h5 12. Qd2 g6 13. Rd1 Bh6 14. Qd3 a6 15.
Nc3 Na5 16. Bc1 Nc4 17. Bxh6 Nb2 18. Qd2 Nxd1 19. Bxd1 Nxh6 20. Na4 Bxa4 21.
Bxa4+ Kf8 22. Qf4 Nf5 23. h3 Rc4 24. Rd1 Qd8 25. Rd3 h4 26. Kh2 Qc7 27. Bb3 Rc3
28. Rxc3 Qxc3 29. Bd1 Qd3 0-1

[Event "Nationale I"]
[Site "Loures Barousse"]
[Date "2011.12.11"]
[Round "5.5"]
[White "Daumens, Michel"]
[Black "Sanchez, Nicolas"]
[Result "0-1"]
[WhiteElo "2148"]
[BlackElo "2160"]
[PlyCount "70"]
[EventDate "2011.12.11"]
[EventType "match"]
[EventCountry "FRA"]
[SourceDate "2011.11.20"]
[WhiteTeam "Echiquier Bordelais"]
[BlackTeam "Loures barousses"]

1. e4 d6 2. d4 Nf6 3. Nc3 e5 4. Nf3 Nbd7 5. Bc4 Be7 6. O-O O-O 7. Re1 a6 8. a4
b6 9. b3 Bb7 10. Bb2 c6 11. Qd2 Qc7 12. Rad1 b5 13. Bd3 Rfe8 14. Ne2 Bf8 15.
Ng3 g6 16. c4 bxa4 17. bxa4 Bg7 18. Bc2 exd4 19. Bxd4 Ne5 20. Nxe5 dxe5 21. Bc5
Bf8 22. Bxf8 Rxf8 23. c5 Rad8 24. Qg5 Nd7 25. Rxd7 Qxd7 26. Nh5 Qd2 27. Nf6+
Kh8 28. Qxd2 Rxd2 29. Bb1 Bc8 30. h3 Kg7 31. Ng4 Bxg4 32. hxg4 Rfd8 33. g3 Rd1
34. Kf1 R8d2 35. g5 a5 0-1

[Event "Nationale I"]
[Site "Loures Barousse"]
[Date "2011.12.11"]
[Round "5.6"]
[White "Bricard, Herve"]
[Black "Labeyrie, Vincent"]
[Result "1-0"]
[WhiteElo "2043"]
[BlackElo "2050"]
[PlyCount "75"]
[EventDate "2011.12.11"]
[EventType "match"]
[EventCountry "FRA"]
[SourceDate "2011.11.20"]
[WhiteTeam "Loures barousses"]
[BlackTeam "Echiquier Bordelais"]

1. e4 c5 2. Nc3 Nc6 3. g3 g6 4. Bg2 Bg7 5. d3 d6 6. f4 e6 7. Nf3 Nge7 8. O-O
O-O 9. Be3 Nd4 10. Bf2 Bd7 11. e5 Nxf3+ 12. Bxf3 dxe5 13. fxe5 Qc7 14. Ne4 Bxe5
15. Nxc5 Bc6 16. d4 Rad8 17. c3 Bg7 18. Qe2 Nf5 19. Ne4 e5 20. g4 Bxe4 21. Bxe4
Nd6 22. Bg2 Rfe8 23. d5 e4 24. Kh1 Qc4 25. Qe3 Qxd5 26. Qxa7 Qb5 27. Qb6 Qg5
28. Bc5 Be5 29. h3 h5 30. Be3 Qh4 31. Bf2 Qg5 32. Be3 Qh4 33. Bf2 Bg3 34. Bxg3
Qxg3 35. gxh5 Nf5 36. hxg6 fxg6 37. Rf2 Qe5 38. Qxg6+ 1-0

[Event "Nationale I"]
[Site "Loures Barousse"]
[Date "2011.12.11"]
[Round "5.7"]
[White "Biaux, Alain"]
[Black "Osete, Jose"]
[Result "1/2-1/2"]
[WhiteElo "1927"]
[BlackElo "2002"]
[PlyCount "66"]
[EventDate "2011.12.11"]
[EventType "match"]
[EventCountry "FRA"]
[SourceDate "2011.11.20"]
[WhiteTeam "Echiquier Bordelais"]
[BlackTeam "Loures barousses"]

1. d4 e6 2. c4 b6 3. a3 Bb7 4. Nc3 f5 5. Nf3 Nf6 6. e3 Be7 7. Bd3 O-O 8. O-O
Qe8 9. b4 Qh5 10. Bb2 d6 11. Re1 Qg6 12. Bf1 Nbd7 13. Qe2 Ne4 14. Rac1 Ndf6 15.
Nd2 a6 16. Rc2 Rae8 17. f3 Nxd2 18. Rxd2 d5 19. c5 Nh5 20. f4 Nf6 21. Rc2 b5
22. a4 c6 23. a5 Bc8 24. Bc1 Bd7 25. g3 Rd8 26. Qg2 Be8 27. Be2 Kh8 28. Bf3 Rg8
29. h3 Ne4 30. Bxe4 dxe4 31. g4 Bh4 32. Ree2 Rf8 33. Bd2 Bf7 1/2-1/2

[Event "Nationale I"]
[Site "Loures Barousse"]
[Date "2011.12.11"]
[Round "5.8"]
[White "Pokee, Anne Josephe"]
[Black "Boutant, Jade"]
[Result "1-0"]
[WhiteElo "1955"]
[BlackElo "1785"]
[PlyCount "85"]
[EventDate "2011.12.11"]
[EventType "match"]
[EventCountry "FRA"]
[SourceDate "2011.11.20"]
[WhiteTeam "Loures barousses"]
[BlackTeam "Echiquier Bordelais"]

1. e4 c5 2. Nf3 Nc6 3. c3 Nf6 4. d3 d6 5. Be2 g6 6. O-O Bg7 7. d4 O-O 8. d5 Ne5
9. Nxe5 dxe5 10. f3 e6 11. c4 exd5 12. cxd5 b6 13. Bg5 h6 14. Bh4 g5 15. Bf2
Nh5 16. g3 Nf6 17. Nd2 Bb7 18. a4 Rc8 19. a5 Ne8 20. b4 cxb4 21. axb6 axb6 22.
Nc4 b5 23. Nb6 Rc3 24. Bxb5 Nd6 25. Bd3 f5 26. Na4 Ra3 27. Rxa3 bxa3 28. Qb3
fxe4 29. fxe4 Rf7 30. Qd1 Qf8 31. Bc5 Rxf1+ 32. Bxf1 a2 33. Bc4 Qc8 34. Bxa2
Nxe4 35. d6+ Kh7 36. d7 Qc6 37. d8=Q Nd2 38. Qg8+ Kg6 39. Qe6+ Qxe6 40. Bxe6
Nf3+ 41. Kf2 Nxh2 42. Qd7 Be4 43. Qf7+ 1-0

[Event "Nationale I"]
[Site "Agen"]
[Date "2012.01.14"]
[Round "6.1"]
[White "Fantinel, Thibault"]
[Black "Pap, Misa"]
[Result "1/2-1/2"]
[WhiteElo "2294"]
[BlackElo "2512"]
[PlyCount "123"]
[EventDate "2012.01.14"]
[EventType "match"]
[EventCountry "FRA"]
[SourceDate "2011.11.20"]
[WhiteTeam "Agen"]
[BlackTeam "La Membrolle Choisille"]

1. c4 c5 2. Nc3 g6 3. g3 Bg7 4. Bg2 Nc6 5. Nf3 Nh6 6. d4 cxd4 7. Bxh6 Bxh6 8.
Nxd4 O-O 9. O-O Qb6 10. Nb3 d6 11. Nd5 Qd8 12. e3 Bg7 13. Qe2 e6 14. Nf4 a5 15.
Rad1 Qc7 16. Rd2 a4 17. Nc1 Ne5 18. Rc2 Bd7 19. Ncd3 Rac8 20. Rfc1 Rfd8 21. h4
b6 22. b4 axb3 23. axb3 Qb8 24. Nb4 Be8 25. Nfd3 Qa7 26. Ra2 Qe7 27. Ra6 Nxd3
28. Nxd3 b5 29. Rb6 Qa7 30. Rb7 Qa3 31. Qd1 bxc4 32. Rxc4 d5 33. Rcc7 Rxc7 34.
Rxc7 Rb8 35. b4 Bb5 36. Bf1 Qa1 37. Qxa1 Bxa1 38. Rc1 Bf6 39. Nc5 Be7 40. Bxb5
Rxb5 41. Nd3 Rb8 42. Rb1 Kf8 43. b5 Bd6 44. Kg2 Ke7 45. f4 f6 46. Kf3 e5 47. e4
Ke6 48. fxe5 fxe5 49. exd5+ Kxd5 50. Nb4+ Kc4 51. Nc6 Rxb5 52. Rxb5 Kxb5 53.
Nd8 e4+ 54. Kxe4 Bxg3 55. h5 Kc5 56. Ne6+ Kd6 57. hxg6 hxg6 58. Nf8 g5 59. Kf5
Bf4 60. Nh7 Ke7 61. Nxg5 Bxg5 62. Kxg5 1/2-1/2

[Event "Nationale I"]
[Site "Agen"]
[Date "2012.01.14"]
[Round "6.2"]
[White "Kizov, Atanas"]
[Black "Favarel, Julien"]
[Result "1-0"]
[WhiteElo "2415"]
[BlackElo "2232"]
[PlyCount "65"]
[EventDate "2012.01.14"]
[EventType "match"]
[EventCountry "FRA"]
[SourceDate "2011.11.20"]
[WhiteTeam "La Membrolle Choisille"]
[BlackTeam "Agen"]

1. d4 Nf6 2. c4 g6 3. Nc3 Bg7 4. e4 d6 5. h3 O-O 6. Nf3 e5 7. d5 Na6 8. Bg5 h6
9. Be3 Nc5 10. Nd2 a5 11. Be2 Bd7 12. g4 c6 13. h4 a4 14. g5 hxg5 15. hxg5 Nh7
16. Rg1 Qa5 17. Rb1 Rfc8 18. Bxc5 $11 dxc5 19. Bg4 Bxg4 20. Rxg4 Qd8 21. Nf3 a3
22. b3 f6 23. Ke2 cxd5 24. cxd5 b5 25. Qc2 Qb6 26. Qd3 Rab8 27. Nd2 Nxg5 28.
Rh4 Qd8 29. Qg3 Qa5 30. Rbh1 Kf8 31. Rh7 Qa6 32. Qh4 b4+ 33. Nc4 1-0

[Event "Nationale I"]
[Site "Agen"]
[Date "2012.01.14"]
[Round "6.3"]
[White "Le Hetet, Nicolas"]
[Black "Bujisho, Benjamin"]
[Result "0-1"]
[WhiteElo "2148"]
[BlackElo "2376"]
[PlyCount "84"]
[EventDate "2012.01.14"]
[EventType "match"]
[EventCountry "FRA"]
[SourceDate "2011.11.20"]
[WhiteTeam "Agen"]
[BlackTeam "La Membrolle Choisille"]

1. e4 c5 2. Nf3 e6 3. d4 cxd4 4. Nxd4 a6 5. Nc3 Ne7 6. Be2 Nbc6 7. Nb3 Ng6 8.
Be3 b5 9. f4 Be7 10. O-O O-O 11. g3 Na5 12. Nxa5 Qxa5 13. Bf3 Qc7 14. Qd2 Bb7
15. Qf2 Bc6 16. h4 Rfc8 17. h5 Nf8 18. Rac1 d6 19. Ne2 Nd7 20. c4 Qb7 21. Qg2
Nc5 22. Bxc5 dxc5 23. f5 Bg5 24. Rcd1 bxc4 25. fxe6 fxe6 26. Nf4 Rab8 27. Qh3
Re8 28. Rfe1 Qe7 29. Re2 Ba4 30. Rf1 c3 31. bxc3 Bb5 32. Bg4 Bxf4 33. gxf4 Bxe2
34. Bxe2 e5 35. Bc4+ Kh8 36. Qg4 exf4 37. Rxf4 Rf8 38. Rf5 Rxf5 39. Qxf5 Re8
40. Bd5 Rf8 41. Qg4 Qf6 42. Qg3 Qf1+ 0-1

[Event "Nationale I"]
[Site "Agen"]
[Date "2012.01.14"]
[Round "6.4"]
[White "Saucey, Michel"]
[Black "Grizou, Regis"]
[Result "1/2-1/2"]
[WhiteElo "2278"]
[BlackElo "2190"]
[PlyCount "74"]
[EventDate "2012.01.14"]
[EventType "match"]
[EventCountry "FRA"]
[SourceDate "2011.11.20"]
[WhiteTeam "La Membrolle Choisille"]
[BlackTeam "Agen"]

1. d4 d5 2. c4 e6 3. Nc3 Bb4 4. a3 Bxc3+ 5. bxc3 c5 6. e3 Ne7 7. Bd3 Qc7 8.
cxd5 exd5 9. Ne2 c4 10. Bc2 Bf5 11. O-O O-O 12. f3 Bxc2 13. Qxc2 f5 14. Nf4 Qc6
15. a4 Ng6 16. Ba3 Rf7 17. Nh3 Nd7 18. Ng5 Rf6 19. e4 fxe4 20. fxe4 dxe4 21.
Nxe4 Rxf1+ 22. Rxf1 Re8 23. Nd6 Re6 24. Qf5 Rf6 25. Qe4 Qxe4 26. Nxe4 Ra6 27.
Rb1 Rxa4 28. Rxb7 Rxa3 29. Rxd7 Nf4 30. Kf2 Ra2+ 31. Kf3 Nxg2 32. Rc7 Ne1+ 33.
Kf4 Rxh2 34. d5 Nd3+ 35. Kf5 Rh4 36. Rc8+ Kf7 37. Rc7+ Kf8 1/2-1/2

[Event "Nationale I"]
[Site "Agen"]
[Date "2012.01.14"]
[Round "6.5"]
[White "Marciniak, Alexandre"]
[Black "Loiret, Stanislas"]
[Result "1-0"]
[WhiteElo "2224"]
[BlackElo "2245"]
[PlyCount "51"]
[EventDate "2012.01.14"]
[EventType "match"]
[EventCountry "FRA"]
[SourceDate "2011.11.20"]
[WhiteTeam "Agen"]
[BlackTeam "La Membrolle Choisille"]

1. e4 c5 2. Nf3 d6 3. d4 cxd4 4. Nxd4 Nf6 5. Nc3 g6 6. f4 Bg7 7. e5 Nh5 8. Bc4
dxe5 9. fxe5 Bxe5 10. Be3 O-O 11. Qd3 Nc6 12. Nxc6 bxc6 13. Qxd8 Rxd8 14. O-O
Nf6 15. Rae1 Bf5 16. Bb3 Ng4 17. Bc5 Bxh2+ 18. Kh1 e6 19. Ne4 Be5 20. c3 h5 21.
Ng5 Bg3 22. Rd1 Bh4 23. Nf3 Bg3 24. Rxd8+ Rxd8 25. Bxa7 Kg7 26. Nd4 1-0

[Event "Nationale I"]
[Site "Agen"]
[Date "2012.01.14"]
[Round "6.6"]
[White "Egreteau, Eric"]
[Black "Marciniak, Gerard"]
[Result "0-1"]
[WhiteElo "2083"]
[BlackElo "2125"]
[PlyCount "80"]
[EventDate "2012.01.14"]
[EventType "match"]
[EventCountry "FRA"]
[SourceDate "2011.11.20"]
[WhiteTeam "La Membrolle Choisille"]
[BlackTeam "Agen"]

1. e4 d6 2. Nc3 g6 3. g3 Bg7 4. Bg2 c5 5. d3 Nc6 6. Be3 Rb8 7. Qd2 b5 8. Nge2
Nd4 9. O-O Qa5 10. f4 e6 11. Nc1 Ne7 12. Nb3 Qb6 13. Nd1 a5 14. c3 a4 15. Nxc5
dxc5 16. cxd4 cxd4 17. Bf2 b4 18. g4 O-O 19. Bh4 Re8 20. Nf2 f5 21. Rac1 Ba6
22. Rfe1 fxe4 23. Nxe4 Nd5 24. Nc5 Ne3 25. Nd7 Qb5 26. Nxb8 Rxb8 27. Rxe3 dxe3
28. Qxe3 Qd7 29. Qd2 a3 30. b3 Bc3 31. Qd1 Qd4+ 32. Kh1 Bxd3 33. Qf3 Ba6 34.
Qc6 Qe3 35. Rc2 Bb7 36. Qd6 Bxg2+ 37. Kxg2 Qe4+ 38. Kh3 Rf8 39. Bg3 Qxc2 40.
Qxe6+ Kg7 0-1

[Event "Nationale I"]
[Site "Agen"]
[Date "2012.01.14"]
[Round "6.7"]
[White "Zaninetti, Laurent"]
[Black "De Lussac, Maxence"]
[Result "1-0"]
[WhiteElo "2006"]
[BlackElo "1884"]
[PlyCount "49"]
[EventDate "2012.01.14"]
[EventType "match"]
[EventCountry "FRA"]
[SourceDate "2011.11.20"]
[WhiteTeam "Agen"]
[BlackTeam "La Membrolle Choisille"]

1. d4 Nf6 2. Bg5 e6 3. e3 h6 4. Bxf6 Qxf6 5. f4 c5 6. c3 b6 7. Nd2 Bb7 8. Ngf3
cxd4 9. cxd4 Bd6 10. Bd3 O-O 11. O-O Qd8 12. Ne5 Be7 13. Qh5 d6 14. Ng4 Nd7 15.
Ne4 f5 16. Nxh6+ gxh6 17. Qg6+ Kh8 18. Qxh6+ Kg8 19. Qg6+ Kh8 20. Qh6+ Kg8 21.
Qxe6+ Rf7 22. Ng3 Kf8 23. Qh6+ Ke8 24. Nxf5 Bf8 25. Qe6+ 1-0